000 00681nam a2200253Ia 4500
001 14535
005 20240113235540.0
007 ta
008 051125s a g b000 u 465 u
040 _aCotton College Assam
041 _a465
082 _a590
_bM 454 S
100 _aMayo, Eileen .
245 0 _aThe Story of Living Things and their Evolution /
_cEileen Mayo.
_hTextual Documents
250 _a1st ed. /
260 _aLondon :
_bThe Waverley Book Co. Ltd. ,
_cnd.
300 _axvi,306p. :
_bill ;
_c24cm .
653 _aZoology
653 _aAnimals-Evolution
653 _aG-Zoology
942 _2ddc
_cBK
999 _c14521
_d14521